[Event "GER-chT U14 Girls"]
[Site "Burg Stargard"]
[Date "2006.12.29"]
[Round "6.4"]
[White "Bachem, Lisa"]
[Black "Basin, Katharina"]
[Result "0-1"]
[WhiteElo "781"]
[BlackElo "948"]
[PlyCount "102"]
[EventDate "2006.12.27"]
[EventType "team-swiss"]
[EventRounds "7"]
[EventCountry "GER"]
[SourceTitle "EXT 2008"]
[Source "ChessBase"]
[SourceDate "2007.11.25"]
[SourceVersion "1"]
[SourceVersionDate "2007.11.25"]
[SourceQuality "1"]
[WhiteTeam "Fritzdorf Gruen Weiss U14 Girls"]
[BlackTeam "Waltershausen U14 Girls"]
[WhiteTeamCountry "GER"]
[BlackTeamCountry "GER"]

1. e4 c5 2. Nf3 Nc6 3. d4 g6 4. Be3 Bg7 5. Bc4 e6 6. Nbd2 Nge7 7. Nb3 0-0 8. Qd2 d5 9. Bd3 Nb4 10. Bh6 Nxd3+ 11. cxd3 dxe4 12. dxe4 Re8 13. Nxc5 Bh8 14. h4 Nc6 15. Qf4 Nxd4 16. Ng5 Qe7 17. Rc1 Nc6 18. h5 Nb4 19. Qe3 Nxa2 20. Ra1 Nb4 21. Rc1 Rd8 22. hxg6 fxg6 23. Rc4 a5 24. e5 b6 25. Nb3 Nd3+ 26. Ke2 Nxb2 27. Rf4 Ba6+ 28. Kf3 Rd3 29. Rf7 Rxe3+ 30. Kxe3 Qa3 31. Rxh7 Qxb3+ 32. Ke4 Qd5+ 33. Ke3 Qxe5+ 34. Kf3 Qe2+ 35. Kg3 Be5+ 36. f4 Qe3+ 37. Nf3 Kxh7 38. fxe5 Qd3 39. Bc1+ Kg8 40. Bxb2 Bb7 41. Rh6 Kg7 42. Bc1 a4 43. Rh1 Ra5 44. Bf4 a3 45. Ra1 Rc5 46. Kg4 Bxf3+ 47. gxf3 Ra5 48. Bg5 Rxe5 49. f4 Rb5 50. Be7 Rb3 51. Kg5 Qg3# 0-1

[Event "GER-chT U14 Girls"]
[Site "Burg Stargard"]
[Date "2006.12.29"]
[Round "5.4"]
[White "Basin, Katharina"]
[Black "Schmalhorst, Sophia"]
[Result "0-1"]
[WhiteElo "948"]
[BlackElo "1027"]
[PlyCount "94"]
[EventDate "2006.12.27"]
[EventType "team-swiss"]
[EventRounds "7"]
[EventCountry "GER"]
[SourceTitle "EXT 2008"]
[Source "ChessBase"]
[SourceDate "2007.11.25"]
[SourceVersion "1"]
[SourceVersionDate "2007.11.25"]
[SourceQuality "1"]
[WhiteTeam "Waltershausen U14 Girls"]
[BlackTeam "Rossdorf SC Ladja U14 Girls"]
[WhiteTeamCountry "GER"]
[BlackTeamCountry "GER"]

1. e4 e5 2. Nf3 Nc6 3. d4 exd4 4. Bc4 h6 5. 0-0 Bc5 6. c3 dxc3 7. a3 d6 8. b4 Bb6 9. Nxc3 Be6 10. Nd5 Nf6 11. Nxb6 axb6 12. Bxe6 fxe6 13. Bb2 e5 14. Re1 Qd7 15. h3 0-0 16. Nh4 Qf7 17. b5 Na7 18. Qf3 Nxb5 19. a4 Nd4 20. Bxd4 exd4 21. e5 dxe5 22. Rxe5 c5 23. Nf5 Nh5 24. Qg4 Kh7 25. Qe4 Qg6 26. g4 Nf6 27. Qxb7 Rae8 28. Re7 Rxe7 29. Qxe7 Qf7 30. Qe2 Re8 31. Qa6 Re6 32. Qd3 Qg6 33. a5 bxa5 34. Rxa5 Re5 35. Ra7 Ne8 36. Rf7 Qxf7 37. Nh4+ Kg8 38. Nf3 Re6 39. Kg2 Rd6 40. Ne5 Qd5+ 41. Nf3 c4 42. Qe2 Re6 43. Qa2 d3 44. Kg3 Re2 45. Nd2 Qe5+ 46. Kg2 Qd4 47. Kg3 Qxf2# 0-1

[Event "GER-chT U14 Girls"]
[Site "Burg Stargard"]
[Date "2006.12.27"]
[Round "1.4"]
[White "Basin, Katharina"]
[Black "Rais, Vanessa"]
[Result "1-0"]
[WhiteElo "948"]
[BlackElo "700"]
[PlyCount "63"]
[EventDate "2006.12.27"]
[EventType "team-swiss"]
[EventRounds "7"]
[EventCountry "GER"]
[SourceTitle "EXT 2008"]
[Source "ChessBase"]
[SourceDate "2007.11.25"]
[SourceVersion "1"]
[SourceVersionDate "2007.11.25"]
[SourceQuality "1"]
[WhiteTeam "Waltershausen U14 Girls"]
[BlackTeam "Torgelow Droegeheide U14 Girls"]
[WhiteTeamCountry "GER"]
[BlackTeamCountry "GER"]

1. e4 e5 2. Nf3 Nc6 3. Bc4 Bc5 4. d4 exd4 5. c3 Nf6 6. 0-0 0-0 7. e5 Ne4 8. cxd4 b6 9. dxc5 Na5 10. Bd5 Bb7 11. b4 d6 12. bxa5 bxc5 13. Bxb7 Rb8 14. Bxe4 Rb4 15. Bc2 Qb8 16. Qd3 Re8 17. Qxh7+ Kf8 18. Re1 g6 19. Qh8+ Ke7 20. exd6+ Kd7 21. Ne5+ Kd8 22. Nc6+ Kd7 23. Nxb8+ Rexb8 24. Qh3+ f5 25. Be3 R4b7 26. Nc3 cxd6 27. Rad1 a6 28. Bxc5 Kc6 29. Bxd6 Rc8 30. Qf3+ Kd7 31. Qxb7+ Kd8 32. Bf4# 1-0